माताहारी : (Record no. 117970)
[ view plain ]
| 000 -LEADER | |
|---|---|
| fixed length control field | 01312nam a22002537a 4500 |
| 005 - DATE AND TIME OF LATEST TRANSACTION | |
| control field | 20170124103104.0 |
| 010 ## - LIBRARY OF CONGRESS CONTROL NUMBER | |
| LC control number | B-069496 |
| 020 ## - INTERNATIONAL STANDARD BOOK NUMBER | |
| Terms of availability | 125.00 |
| International Standard Book Number | 8175660317 |
| 035 ## - SYSTEM CONTROL NUMBER | |
| System control number | B-069496 |
| 037 ## - SOURCE OF ACQUISITION | |
| Source of stock number/acquisition | Cen Lib/Ret |
| 040 ## - CATALOGING SOURCE | |
| Original cataloging agency | DPL |
| Language of cataloging | HN |
| 082 ## - DEWEY DECIMAL CLASSIFICATION NUMBER | |
| Classification number | 921 |
| Item number | सिन्हासु |
| 100 ## - MAIN ENTRY--PERSONAL NAME | |
| Personal name | सिन्हा, सुखसागर |
| 9 (RLIN) | 77743 |
| 245 ## - TITLE STATEMENT | |
| Title | माताहारी : |
| Statement of responsibility, etc | सुखसागर सिन्हा |
| Remainder of title | विश्व प्रसिद्ध नर्तकी एवं श्रेष्ठ महिला जासूस / |
| 246 ## - VARYING FORM OF TITLE | |
| Title proper/short title | Matahari : vishw prasidh narataki evam shreshth mahila jasoos / |
| Remainder of title | by Sukhsagar Sinha |
| 260 ## - PUBLICATION, DISTRIBUTION, ETC. (IMPRINT) | |
| Place of publication, distribution, etc | दिल्ली |
| Name of publisher, distributor, etc | अविराम प्रकाशन |
| Date of publication, distribution, etc | 2001 |
| 270 ## - ADDRESS | |
| Address | 29/62, गली-11, विश्वास नगर, शाहदरा |
| City | दिल्ली |
| Postal code | 110032 |
| 300 ## - PHYSICAL DESCRIPTION | |
| Extent | 96पृ. |
| Dimensions | 21सेमी (सजिल्द) |
| 650 ## - SUBJECT ADDED ENTRY--TOPICAL TERM | |
| Topical term or geographic name as entry element | जीवनी--महिला जासूस |
| 9 (RLIN) | 5559 |
| 650 ## - SUBJECT ADDED ENTRY--TOPICAL TERM | |
| Topical term or geographic name as entry element | जीवनी--भारतीय शास्त्रीय नृत्य --माताहारी-- |
| 9 (RLIN) | 77744 |
| 650 ## - SUBJECT ADDED ENTRY--TOPICAL TERM | |
| Topical term or geographic name as entry element | Biography--Indian classical dance---Matahari |
| 9 (RLIN) | 77745 |
| 650 ## - SUBJECT ADDED ENTRY--TOPICAL TERM | |
| Topical term or geographic name as entry element | Biography--Female Spy |
| 9 (RLIN) | 77746 |
| 942 ## - ADDED ENTRY ELEMENTS (KOHA) | |
| Source of classification or shelving scheme | Dewey Decimal Classification |
| Koha item type | Hindi Books |
| Classification part | 921 |
| Call number suffix | सिन्हासु |
| Withdrawn status | Lost status | Damaged status | Not for loan | Home library | Current library | Date acquired | Source of acquisition | Cost, normal purchase price | Total Checkouts | Full call number | Barcode | Date last seen | Copy number | Cost, replacement price | Price effective from | Koha item type | Source of classification or shelving scheme | Collection code | Shelving location | Coded location qualifier |
|---|---|---|---|---|---|---|---|---|---|---|---|---|---|---|---|---|---|---|---|---|
| Central Library | Central Library | 09/09/2015 | Cen Lib/Ret | 125.00 | 921 सिन्हासु | B-069496 | 09/09/2015 | 1 | 125.00 | 09/09/2015 | Hindi Books | |||||||||
| Patel Nagar | Patel Nagar | 23/01/2019 | 125.00 | 921 सिन्हासु | B-69497 | 23/01/2019 | 125.00 | 23/01/2019 | Hindi Books | Dewey Decimal Classification | Non-fiction | General Stacks | BPPD/PUB |
